[Event "SapporoSummer2018"]
[Site "?"]
[Date "2018.07.28"]
[Round "3.1"]
[White "KIKUCHI, Akira"]
[Black "WATANABE, Katsumi"]
[Result "1/2-1/2"]
[WhiteElo "1763"]
[BlackElo "1672"]
[Annotator "Fritz 15 (30s)"]
[PlyCount "55"]

{D02: 1 d4 d5 2 Nf3 sidelines, including 2...Nf6 3 g3 and 2...Nf6 3 Bf4} 1. d4
d5 2. Bf4 Nf6 3. Nf3 e6 4. e3 Be7 5. c3 (5. Be2 O-O 6. h3 Nbd7 7. O-O c5 8. c3
b6 9. a4 Bb7 10. Ne5 Nxe5 11. dxe5 {1/2-1/2 (11) Mrkonjic,N (2376)-Del Rey,D 
(2379) Novi Sad 2014}) 5... O-O $146 (5... b6 6. Nbd2 Bb7 7. h3 Nbd7 8. a4 a6
9. a5 O-O 10. Bd3 c5 11. axb6 Qxb6 12. Ra2 a5 13. O-O Ba6 14. Qe2 Bxd3 15. Qxd3
Rfc8 16. Rfa1 Bd8 17. Qc2 h6 18. Qb3 Qc6 19. Ra4 Ra7 20. Qd1 {Kamsky,G (2741)
-Riazantsev,A (2708) Khanty-Mansiysk 2013 1-0 (55)}) 6. Bd3 Nbd7 7. Nbd2 b6 8.
Ne5 Bb7 9. Qe2 c5 10. g4 c4 {This push gains space} 11. Bc2 b5 12. g5 Ne4 13.
Nxe4 dxe4 14. h4 Nxe5 15. Bxe5 f6 16. gxf6 Bxf6 17. Bxf6 Rxf6 18. O-O-O Qa5 {
Black threatens to win material: Qa5xa2} 19. Kb1 Raf8 20. Qg4 {[%cal Rc2e4,
Rg4e4,Gb7e4] The isolani on e4 becomes a target} (20. Rh2 Bd5 $11) 20... Qb6
21. h5 Qc6 (21... b4 $5 22. cxb4 Qxb4 $17) 22. Rdg1 {White has a mate threat}
R8f7 23. h6 g6 24. Qg3 (24. Rf1 a5 $11) 24... Rxf2 $15 25. Qb8+ {White forks:
a7} Bc8 (25... Rf8 $5 26. Qe5 R2f7 $15) 26. Qe5 $11 {White threatens to win
material: Qe5xe4} Bb7 27. Qb8+ {Twofold repetition} Bc8 28. Qe5 1/2-1/2

[Event "SapporoSummer2018"]
[Site "?"]
[Date "2018.07.28"]
[Round "3.2"]
[White "SUGIMOTO, Koichi"]
[Black "KANAMARU, Tomoji"]
[Result "1-0"]
[WhiteElo "1966"]
[BlackElo "1666"]
[Annotator "Fritz 15 (30s)"]
[PlyCount "109"]

{A80: Dutch Defence: Unusual White second moves} 1. d4 f5 2. Nc3 Nf6 3. Bg5 e6
4. e4 (4. g4 Bb4 5. Qd3 d5 6. gxf5 exf5 7. Bh3 h6 8. Bd2 O-O 9. Nf3 Ne4 10. Rg1
Kh7 11. O-O-O Bxc3 12. bxc3 Qe7 13. Rdf1 Qa3+ 14. Kd1 Qxa2 15. Bc1 Bd7 16. Ne5
Ba4 17. f3 Nd6 18. Rg2 Bb5 {Buckley,G (2385)-Mellado Trivino,J (2470) Mondariz
1996 0-1 (40)}) 4... h6 (4... Be7 5. Bxf6 Bxf6 6. e5 Be7 7. Bd3 O-O 8. Nf3 b6
9. O-O Bb7 10. Qe2 Bxf3 11. Qxf3 Nc6 12. Ne2 Bg5 13. Bb5 Ne7 14. c4 a6 15. Ba4
b5 16. cxb5 axb5 17. Bxb5 Rb8 18. a4 c6 19. Bc4 {Oreopoulos,K (2549)-Karup,E 
(2162) Dos Hermanas 2004 1-0 (45)}) 5. Bxf6 Qxf6 6. Nf3 $146 (6. exf5 exf5 7.
Qe2+ Qe6 8. O-O-O Bd6 9. Qh5+ g6 10. Qh3 a6 11. Nf3 Kf8 12. Re1 Qf7 13. Ne5
Bxe5 14. dxe5 b5 15. Qf3 Ra7 16. Nd5 Nc6 17. e6 Qg7 18. e7+ Kf7 19. g4 d6 20.
gxf5 Bxf5 {Stefanova,A (2444)-Lanchava,T (2297) Groningen 1999 1-0}) 6... d6 {
Covers e5} (6... Nc6 7. exf5 d5 8. Bd3 $11) 7. exf5 $16 Qxf5 8. Bd3 Qg4 9. h3
Qh5 10. g4 {White threatens to win material: g4xh5} (10. Nb5 Kd8 $16) 10... Qf7
$14 11. Nh4 {Black has a cramped position} Qf6 12. Ng6 Rg8 13. Ne4 {White
threatens to win material: Ne4xf6} (13. Qe2 $5 $16) 13... Qf7 $11 14. Qe2 {
Black has a cramped position} Bd7 (14... Nc6 $5 $11) 15. O-O-O (15. d5 Kd8 16.
dxe6 Bxe6 $16) 15... Nc6 (15... Kd8 16. Nc3 Nc6 $14) 16. Qe3 {White has a king
attack} (16. d5 $142 $5 Nb4 17. dxe6 Nxd3+ 18. Rxd3 Bxe6 19. Nxf8 Rxf8 20. Rxd6
Qf4+ 21. Rd2 $16) 16... O-O-O $11 {Black castles and improves king safety} 17.
h4 {Black has a cramped position} (17. Nc3 Kb8 $11) 17... Nb4 {Black threatens
to win material: Nb4xa2} 18. Kb1 (18. h5 Nxa2+ 19. Kb1 Nb4 $15) 18... Kb8 (
18... e5 19. d5 Kb8 20. h5 Nxd5 21. Qg3 $17) 19. h5 {White wins space} e5 20.
b3 Nxd3 (20... Bxg4 $142 $5 21. Rdg1 Bf5 $17) 21. Rxd3 $11 exd4 22. Rxd4 Be7
23. f3 {Controls g4} Rge8 24. Qd3 Bf6 (24... a6 25. Rd5 $11) 25. Nxf6 Qxf6 26.
Rf4 Qe6 27. Qd4 {White threatens to win material: Qd4xg7} Qg8 28. Rd1 Re2 29.
Rd2 Rxd2 30. Qxd2 Re8 31. Kb2 {White king safety dropped} Bc6 32. Qd3 b6 33.
Qc3 {White threatens to win material: Qc3xc6} Kb7 {Black king safety dropped}
34. Rc4 {White threatens to win material: Rc4xc6} Qd5 35. f4 (35. Nh4 b5 36.
Rd4 Qe5 $11) 35... Re4 (35... b5 36. Rd4 Qh1 37. a4 bxa4 38. f5 $17) 36. Rxe4
Qxe4 37. Qxg7 Qe2 38. Ne7 Be4 {Black threatens to win material: Be4xc2} 39. Qc3
Qxg4 {Black forks: h5+f4.} 40. Qd4 (40. f5 $142 $11 {and White hangs on}) 40...
Qxf4 $17 41. Qh8 Qe5+ 42. Qxe5 dxe5 43. Ng6 Bf3 44. Nxe5 Bxh5 45. Kc3 Be8 46.
Kd4 c5+ 47. Kc4 (47. Ke4 $142 $5 $17) 47... Kc7 48. Kd5 h5 49. Ke4 Kd6 (49...
h4 50. Kf4 h3 51. Kg3 $19) 50. c3 h4 51. Nc4+ Ke7 52. Kf4 Bd7 53. a3 $2 (53.
Ne5 $142 Ke6 54. Nf3 $19) 53... Be6 54. Nd2 Kf6 (54... h3 $142 $5 {makes it
even easier for Black} 55. Kg3 Kd6 56. b4 $19) 55. b4 1-0

[Event "SapporoSummer2018"]
[Site "?"]
[Date "2018.07.28"]
[Round "3.3"]
[White "KOBAYASHI, Katsuhiko"]
[Black "BRINKMANN, Leonard"]
[Result "0-1"]
[WhiteElo "1455"]
[BlackElo "1636"]
[Annotator "Fritz 15 (30s)"]
[PlyCount "76"]

{[%mdl 8192] B07: Pirc Defence: Miscellaneous Systems} 1. e4 d6 2. d4 Nf6 3.
Nc3 Nbd7 {Black has a cramped position. Black's pieces can't move: c8+f8} 4.
Bb5 $146 (4. Nf3 c6 5. a4 Qc7 6. Be2 e5 7. O-O Be7 8. Re1 O-O 9. h3 Re8 10. Bg5
Nf8 11. d5 h6 12. Be3 Ng6 13. Bf1 Bd7 14. Nd2 Rec8 15. a5 cxd5 16. exd5 Nh7 17.
Bd3 Nhf8 18. Qh5 Qd8 {Leuba,D (2295)-Summermatter,D (2320) Suhr 1991 0-1 (51)})
(4. h3 e5 5. g4 h6 6. Bg2 exd4 7. Qxd4 g6 8. Be3 Bg7 9. Qd2 Nb6 10. b3 d5 11.
Rd1 c6 12. Nge2 Be6 13. Nf4 g5 14. Nxe6 fxe6 15. O-O Qe7 16. exd5 Nbxd5 17.
Nxd5 Nxd5 18. c4 Nxe3 {Topalov,V (2635)-Izeta Txabarri,F (2505) Madrid 1993
1-0 (38)}) (4. Nge2 e5 5. f3 Be7 (5... c6 6. Be3 b5 7. Qd2 b4 8. Nd1 d5 9. Nf2
Be7 10. O-O-O O-O 11. Kb1 Qc7 12. Ng3 Re8 13. Nf5 Bf8 14. g4 dxe4 15. fxe4 exd4
16. Bf4 Ne5 17. Nd3 Bxf5 18. exf5 Bd6 19. Bxe5 Bxe5 20. Nxe5 {Loncar,R (2440)
-Manouck,T (2305) Forli 1993 1-0}) 6. Be3 c6 7. Qd2 O-O 8. O-O-O b5 9. g4 Qa5
10. Ng3 Nb6 11. Nf5 Bxf5 12. gxf5 b4 13. Nb1 Qxa2 14. Qxb4 exd4 15. Qxd4 Rab8
16. b3 Nfd5 17. exd5 Bf6 18. Qxf6 gxf6 {Mamedov,N (2295)-Bayramov,V (2290)
Baku 1998 0-1}) (4. Nf3 e5 $14) 4... c6 $11 {Consolidates d5} 5. Ba4 (5. Bd3 e5
6. Nf3 exd4 7. Nxd4 g6 $11) 5... b5 {Black threatens to win material: b5xa4} 6.
Bb3 {Black has a cramped position. Black's piece can't move: f8} b4 {Black
threatens to win material: b4xc3} 7. Nce2 Nxe4 8. Nf3 Rb8 {Black's piece can't
move: f8} (8... d5 9. Ba4 Qb6 10. O-O $15) 9. d5 {White threatens to win
material: d5xc6} (9. O-O e6 $11) 9... c5 {Black's piece can't move: f8} (9...
Bb7 10. dxc6 Bxc6 11. O-O $15) 10. O-O g6 11. a3 a5 12. Ng5 (12. axb4 $5 {
might be a viable alternative} axb4 13. Re1 $11) 12... Nxg5 $15 13. Bxg5 Bg7 {
Black is behind in development.} 14. Rb1 O-O 15. Re1 Nf6 16. Ng3 Ba6 17. axb4
c4 {Black threatens to win material: c4xb3} 18. Ba2 (18. Ba4 $5 Bb5 19. Bxb5
Rxb5 20. Bxf6 Bxf6 21. Qe2 $17) 18... axb4 $17 19. Qe2 (19. Ra1 $5 $17) 19...
Qc7 $19 20. Qxe7 $4 {the final mistake, not that it matters anymore.} (20. Qd2
$142 $19) 20... Qxe7 21. Rxe7 b3 22. cxb3 (22. Ra1 Nxd5 23. Bb1 Nxe7 24. cxb3
f6 25. Rxa6 fxg5 26. bxc4 Rxb2 $19) 22... cxb3 23. Bxb3 Rxb3 24. Ra7 Bd3 25.
Rba1 (25. Rd1 {is no salvation} Re8 $19) 25... h6 (25... Rxb2 {makes it even
easier for Black} 26. Rd1 Bc2 27. Rda1 $19) 26. Bc1 Bc4 27. Bf4 Bxd5 28. Bxd6
Re8 29. Ba3 h5 (29... Ng4 {and Black can already relax} 30. Ra5 Bc6 31. Rc1 $19
) 30. Rc1 (30. h3 {does not solve anything} Rd3 $19) 30... h4 (30... Ng4 {
keeps an even firmer grip} 31. Ra5 Rd3 32. Bc5 $19) 31. Nf1 Be6 32. Ne3 (32.
Nd2 {doesn't do any good} Rd3 33. Nf3 Nd5 $19) 32... Ng4 (32... Nd5 $5 {
might be the shorter path} 33. Nxd5 Bxd5 34. Ra5 $19) 33. Nxg4 Bxg4 34. Rb1 (
34. Ra4 {hardly improves anything} Bf5 $19) 34... Bf5 (34... h3 {seems even
better} 35. g3 $19) 35. Rd1 (35. Rf1 {doesn't improve anything} h3 $19) 35...
Bxb2 (35... Rd3 {and Black can already relax} 36. Ra1 $19) 36. Bc5 Rd3 37. Rb1
(37. Rf1 $19 {is still a small chance}) 37... Rd5 38. Rf1 Rxc5 (38... Rxc5 39.
Raa1 Bxa1 40. Rxa1 Rce5 $19) 0-1

[Event "SapporoSummer2018"]
[Site "?"]
[Date "2018.07.29"]
[Round "4.1"]
[White "WATANABE, Katsumi"]
[Black "SUGIMOTO, Koichi"]
[Result "1-0"]
[WhiteElo "1672"]
[BlackElo "1966"]
[Annotator "Fritz 15 (30s)"]
[PlyCount "109"]

{[%mdl 8192] D15: Slav Defence: 4 Nc3 a6 and gambit lines after 4 Nc3 dxc4} 1.
d4 d5 2. c4 c6 3. Nf3 Nf6 4. e3 a6 5. Nc3 b5 6. c5 Nbd7 7. b4 g6 8. Bb2 (8. a4
Bb7 9. Bb2 Bg7 10. Qc2 O-O 11. Be2 Ne8 12. O-O Nc7 13. Rfd1 Re8 14. axb5 axb5
15. Rxa8 Bxa8 16. h3 Bb7 17. Bf1 Qb8 18. g3 Bc8 19. Bg2 Na6 20. Qb3 e5 21. dxe5
Nxe5 22. Nxe5 Qxe5 {Ponomariov,R (2744)-Gashimov,V (2733) Warsaw 2010 1-0 (40)}
) 8... Bg7 9. Bd3 Qc7 $146 (9... O-O 10. O-O a5 11. a3 Qc7 12. h3 Ne8 13. e4
dxe4 14. Bxe4 axb4 15. axb4 Rxa1 16. Qxa1 Ndf6 17. Bc2 Be6 18. Ne5 Nd5 19. Nxd5
Bxd5 20. Qa6 Bxe5 21. dxe5 Ng7 22. Ra1 Ne6 23. Qa7 Rc8 24. Qxc7 {Pacher,M 
(2429)-Jurcik,M (2391) Prievidza 2014 1-0 (35)}) 10. O-O (10. a4 Rb8 $14) 10...
O-O (10... a5 11. a3 $14) 11. Qc2 (11. a4 $5 bxa4 12. Qxa4 $14) 11... e5 12.
dxe5 Ng4 {Black threatens to win material: Ng4xe5} 13. Rae1 (13. h3 $142 $5 {
is interesting} Ngxe5 14. Nxe5 Nxe5 15. a4 $11) 13... Ndxe5 $17 14. Nxe5 Qxe5 (
14... Nxe5 $142 $5 15. f4 Nxd3 16. Qxd3 a5 $17) 15. f4 $11 Qh5 (15... Qe6 16.
Nd1 $11) 16. h3 $14 Nf6 17. Ne2 Bd7 18. Bd4 {The bishop is not easily driven
from d4} a5 {Black undermines the pawn chain} 19. a3 (19. Qb2 Ne8 20. a3 $14)
19... a4 {Black gets more space} (19... axb4 $142 $5 {might be a viable
alternative} 20. axb4 Rfe8 $11) 20. Qb2 Ne8 21. Ng3 {White threatens to win
material: Ng3xh5} (21. e4 $5 $16) 21... Qh4 $11 {Black threatens to win
material: Qh4xg3} 22. Kh2 {White king safety dropped} Nf6 23. Nh1 Rae8 24. Kg1
{White king safety improved} Nh5 25. Be2 $4 (25. Bxg7 $5 {looks like a viable
alternative} Nxg7 26. Qd2 $11) 25... Bxd4 $4 {Black has let it slip away} (
25... Rxe3 $142 $1 {Black missed this excellent chance} 26. Bxg7 Nxg7 $19) 26.
Qxd4 $17 Re4 {Black threatens to win material: Re4xd4} (26... Ng3 $5 27. Nxg3
Qxg3 $17) 27. Qd2 $11 f5 (27... Nf6 28. Bf3 $11) 28. Bf3 {White threatens to
win material: Bf3xe4} (28. Bxh5 gxh5 29. Nf2 Re7 $14) 28... Re7 29. Kh2 {
White king safety dropped} (29. g3 Qf6 $11) 29... Nf6 30. g3 Qh6 31. Nf2 {
[%cal Yd3e5,Yf2d3,Yh1f2] Manoeuvre Nh1-f2-d3-e5} Rfe8 32. Kg2 Qf8 (32... g5 33.
Bd1 $15) 33. Nd3 $11 Be6 34. Ne5 {Here comes the goal-getter} Rc8 35. g4 Qe8
36. g5 {White threatens to win material: g5xf6} Nd7 37. Nd3 Qf7 38. h4 Qg7 39.
Rh1 h5 40. gxh6 Qxh6 {Black has a new backward pawn: g6} 41. Reg1 Rg7 (41...
Bf7 42. h5 gxh5 43. Qd1 $14) 42. Kg3 {White king safety dropped} (42. Kf2 Bf7
$16) 42... Nf6 (42... Re8 43. Qb2 $14) 43. Nf2 (43. Qb2 $5 Kf7 44. Kf2 $16)
43... Ne4+ 44. Bxe4 fxe4 45. Nh3 Bxh3 46. Rxh3 Qh5 47. Qf2 Rf8 48. Kh2 {
White king safety improved} Rf5 49. Rg2 Qd1 {White king safety dropped} 50.
Rhg3 Kf7 51. Qd2 {White threatens to win material: Qd2xd1} Qa1 52. Qb2 $2 (52.
Rg5 $142 $5 $11 {would keep White alive}) 52... Qxb2 $17 53. Rxb2 Kf6 (53... d4
54. exd4 Rxf4 55. Kh3 $17) 54. Rbg2 (54. Rg4 $5 $11 {is an interesting
alternative}) 54... d4 $17 55. Rg5 (55. Rg5 dxe3 56. R5g4 $19) 1-0

[Event "SapporoSummer2018"]
[Site "?"]
[Date "2018.07.29"]
[Round "4.2"]
[White "BRINKMANN, Leonard"]
[Black "KIKUCHI, Akira"]
[Result "1-0"]
[WhiteElo "1636"]
[BlackElo "1763"]
[Annotator "Fritz 15 (30s)"]
[PlyCount "61"]

{[%mdl 8192] A02: Bird's Opening} 1. f4 b6 2. Nf3 Bb7 3. e3 Nf6 4. b3 e6 5. Bb2
Be7 6. Be2 d6 $146 {Controls e5} (6... O-O 7. O-O c5 8. Qe1 d6 9. Qg3 Nc6 10.
a3 Ne8 11. e4 d5 12. d3 b5 13. Nbd2 a5 14. a4 bxa4 15. bxa4 c4 16. exd5 exd5
17. dxc4 Qb6+ 18. Kh1 Qxb2 19. Rab1 Qxc2 20. Rxb7 Bb4 21. cxd5 {Amura,C (2330)
-German,P (2395) Buenos Aires 1995 0-1 (34)}) (6... c5 7. O-O Nc6 8. Ne5 Qc7 9.
Bf3 Rg8 10. Qe2 d5 11. d3 g5 12. Nd2 Nxe5 13. fxe5 Nd7 14. Bh5 Rg7 15. Bxf7+
Rxf7 16. Qh5 Nxe5 17. Bxe5 Qxe5 18. Qxf7+ Kd7 19. Nf3 Qxe3+ 20. Kh1 Rf8 21. Qg7
{Berescu,A (2386)-Ambrus,E (2281) Baile Tusnad 1999 1-0 (32)}) 7. O-O Nbd7 8.
c4 O-O 9. Na3 a6 {Consolidates b5} 10. Nc2 h6 {Prevents intrusion on g5} 11.
Qe1 Nh5 12. d3 {Secures e4} c5 13. Rd1 Bf6 {Black threatens to win material:
Bf6xb2} 14. Bc1 g6 15. g4 {White threatens to win material: g4xh5} Ng7 16. Qg3
Re8 17. e4 a5 18. a4 Rc8 (18... Bc3 $5 $11 {should be investigated more closely
}) 19. Qh3 $16 h5 20. Ng5 Bxg5 21. fxg5 hxg4 22. Bxg4 {White has the pair of
bishops} Ne5 23. Be2 Kf8 $4 (23... Ra8 $142 $14 {had to be tried to avoid
defeat}) 24. Qh8+ $18 Ke7 25. Qxg7 Kd7 (25... Rg8 {doesn't get the cat off the
tree} 26. Qf6+ Ke8 27. Qf4 $18) 26. Qf6 (26. d4 $142 {might be the shorter path
} Rg8 27. Qh6 cxd4 28. Nxd4 $18) 26... Re7 (26... Rh8 $18 {is one last hope})
27. d4 cxd4 (27... Nxc4 {doesn't improve anything} 28. bxc4 Qf8 29. dxc5 Rxc5
30. Bf4 $18) 28. Nxd4 Bc6 (28... Qf8 29. Nb5 Nxc4 30. bxc4 Bc6 31. Nxd6 Bxa4
32. Nf5+ Kc7 33. Nxe7 Rd8 34. Qe5+ Kb7 35. Nxg6 Qg8 36. Rxd8 Qxd8 37. Rxf7+ Ka8
38. Qg7 Qb8 39. Bf4 e5 40. Bxe5 Be8 41. Re7 Bd7 42. Rxd7 a4 43. Bxb8 a3 44.
Ra7+ Kxb8 45. Qb7#) 29. Nb5 Bxb5 30. Qxe5 Bc6 (30... Kc6 {is the last straw}
31. Qxb5+ Kb7 $18) 31. Rxd6+ (31. Rxd6+ Kc7 32. Rfd1 Qxd6 33. Qxd6+ Kb7 34.
Qxe7+ Rc7 35. Qd6 Rd7 36. Qf8 Rxd1+ 37. Bxd1 Bxa4 38. bxa4 e5 39. Bg4 f5 40.
gxf6 Ka7 41. Qc8 g5 42. Bxg5 b5 43. Be3#) (31. Qxd6+ Ke8 32. Qe5 Qxd1 33. Rxd1
f5 34. Ba3 Bd5 35. Rxd5 b5 36. Qh8+ Kf7 37. Qh7+ Kf8 38. Qxe7+ Kg8 39. Rd7 fxe4
40. Qh7#) 1-0

[Event "SapporoSummer2018"]
[Site "?"]
[Date "2018.07.29"]
[Round "4.3"]
[White "NAKAMURA, Mitsuru"]
[Black "NISHIMORI, Toshiyuki"]
[Result "0-1"]
[WhiteElo "1078"]
[BlackElo "1823"]
[Annotator "Fritz 15 (30s)"]
[PlyCount "80"]

{[%mdl 8256] E90: King's Indian: Classical: Early deviations and 6 h3} 1. d4
Nf6 2. c4 g6 3. Nc3 Bg7 4. e4 d6 5. Nf3 Nbd7 6. Bd3 O-O 7. O-O c5 $146 (7... e5
8. d5 (8. Bc2 exd4 9. Nxd4 Ne5 10. b3 c6 11. h3 Re8 12. Bg5 Qa5 13. Qd2 h6 14.
Be3 Ned7 15. Rfe1 Nc5 16. Rad1 Bd7 17. Nde2 Rad8 18. f3 Kh7 19. Qxd6 Na6 20.
Qh2 Be6 21. e5 Nd7 22. f4 Nxe5 {Johansen,D (2485)-Nunn,J (2590) London 1983
0-1 (41)}) 8... Nh5 (8... Nc5 9. Bc2 Nh5 10. b4 Nd7 11. Bg5 Bf6 12. Bh6 Ng7 13.
Be3 Be7 14. Ne1 f5 15. f3 f4 16. Bf2 g5 17. g4 fxg3 18. hxg3 g4 19. Be3 gxf3
20. Nxf3 Nf6 21. Kg2 Ng4 22. Bd2 Qe8 23. Qe2 {Esplugas Esteve,V (2190)
-Martinez Duany,L (2468) Torredembarra 2012 0-1 (56)}) 9. Bg5 f6 10. Be3 Nf4
11. Bc2 Qe7 12. Ne2 Nxe2+ 13. Qxe2 f5 14. exf5 gxf5 15. Bg5 Qf7 16. Nh4 e4 17.
Rab1 a5 18. g4 fxg4 19. Qxe4 Qh5 20. Nf5 Rxf5 21. Qxf5 Ne5 22. Qf4 {Staudt,J 
(2200)-Jacobsen,B (2340) Ostend 1975 0-1}) (7... a6 8. h3 e5 9. Be3 exd4 10.
Bxd4 Re8 11. Re1 Ne5 12. Bf1 Nc6 13. Bxf6 Bxf6 14. Qd2 Ne5 15. Nd4 c5 16. Nc2
Be6 17. Nd5 Bg7 18. f4 Nc6 19. Kh2 Rb8 20. Rab1 b5 21. b4 bxc4 22. Bxc4 {
Roeder,M (2459)-Nijboer,F (2580) Ohrid 2001 1-0 (100)}) 8. Be3 {Black has a
cramped position. Black's piece can't move: c8} (8. d5 $5 $14) 8... Ng4 $11 9.
Qd2 Nxe3 10. Qxe3 (10. fxe3 b6 $11) 10... cxd4 $15 {Black forks: c3+e3} 11.
Nxd4 {Black has the pair of bishops} Ne5 12. Be2 a6 {Consolidates b5} (12...
Nc6 13. Nc2 $11) 13. f4 (13. Rad1 Nc6 $11) 13... Ng4 14. Bxg4 Bxg4 15. h3 {
White threatens to win material: h3xg4} Bd7 {Black has a cramped position} 16.
Rad1 Qb6 {Black threatens to win material: Qb6xb2} (16... b5 17. cxb5 axb5 18.
a3 $11) 17. Qf2 Qc7 (17... Rae8 18. Rd3 $11) 18. b3 {Covers a4} (18. Nd5 Qd8
$14) 18... Bc6 19. Nd5 Bxd5 20. cxd5 (20. exd5 b5 21. Rc1 Bxd4 22. Qxd4 Qa7 23.
Qxa7 Rxa7 $11) 20... Rac8 21. f5 {White wins space} Qc3 22. Ne2 (22. fxg6 $5
fxg6 23. Nf3 $15) 22... Qb2 $17 23. fxg6 (23. Nd4 $5 Bxd4 24. Qxd4 Qxa2 25. Rd3
$17) 23... fxg6 24. Qe3 Rc2 25. Rxf8+ Bxf8 26. Nf4 $4 {strolling merrily down
the path to disaster} (26. Re1 Qxa2 27. Rf1 Bg7 $17) 26... g5 (26... Bh6 $142 {
and Black takes home the point} 27. Qf3 Bxf4 28. Qxf4 Rxg2+ 29. Kh1 Rf2 $19)
27. Nd3 Rxg2+ 28. Kf1 Qxa2 29. Nf2 Rxf2+ $1 {Black has managed to stay ahead}
30. Qxf2 Qxb3 31. Rc1 (31. Ke2 Qxh3 32. Rf1 Qh5+ 33. Kd3 Bg7 $15) 31... Qxh3+
$19 32. Ke2 (32. Qg2 $142 Qd3+ 33. Ke1 Qe3+ 34. Kd1 $19) 32... h5 $4 {hands
over the advantage to the opponent} (32... Bg7 $142 $19 {the advantage is on
the side of Black}) 33. Rf1 $11 {White has a mate threat} Qg4+ {Black forks: e4
} 34. Kd3 Qh3+ (34... Bg7 35. Qf7+ Kh8 36. Qe8+ Kh7 37. Qxe7 Qg3+ 38. Ke2 Qh2+
39. Rf2 Qe5 $11) 35. Kd2 {White has a mate threat} Bg7 36. Qf7+ {White forks:
e7} Kh8 (36... Kh7 37. Rf3 Qg4 38. Rf5 $11) 37. Rf3 $11 {White threatens to
win material: Rf3xh3} Qh2+ 38. Ke3 $2 (38. Rf2 $5 Qh4 39. Rf5 $11) 38... Qg1+ (
38... g4 $142 39. Qe8+ Kh7 $19) 39. Kd3 $4 (39. Ke2 $142 {is the best chance}
Qg2+ 40. Ke3 $15) 39... Qd1+ 40. Ke3 (40. Kc4 {doesn't do any good} b5+ 41. Kb4
Qa4#) 40... Bd4# 0-1

[Event "SapporoSummer2018"]
[Site "?"]
[Date "2018.07.29"]
[Round "5.1"]
[White "BRINKMANN, Leonard"]
[Black "WATANABE, Katsumi"]
[Result "1-0"]
[WhiteElo "1636"]
[BlackElo "1672"]
[Annotator "Fritz 15 (30s)"]
[PlyCount "77"]

{[%mdl 8256] A02: Bird's Opening} 1. f4 g6 2. Nf3 Bg7 3. c4 (3. d4 c5 (3... Nf6
4. e3 O-O 5. Be2 c5 6. O-O d6 7. c3 b6 8. a4 Bb7 9. Nbd2 cxd4 10. exd4 e6 11.
Nc4 Qc7 12. Ne3 Nbd7 13. a5 Nd5 14. Nxd5 Bxd5 15. Ng5 h6 16. Nh3 Bc4 17. Nf2
Bxe2 18. Qxe2 {Schmidt Schaeffer,S (2368)-Maeser,F (2319) Switzerland 2013 1/
2-1/2}) 4. e3 d5 5. Bd3 Nh6 6. c3 O-O 7. O-O Nd7 8. a4 Qc7 9. Bd2 Nf6 10. Be1
Bf5 11. Be2 Bg4 12. h3 Bxf3 13. Rxf3 Nf5 14. Bd3 Ne4 15. Nd2 Nxe3 16. Rxe3 cxd4
17. Rf3 dxc3 {Williams,S (2310)-Rowson,J (2490) Tallinn 1997 1/2-1/2 (45)})
3... d6 $146 {Covers e5} (3... c5 4. Nc3 Nc6 5. e3 Nf6 (5... d6 6. Be2 e5 7.
fxe5 dxe5 8. O-O f5 9. d3 Nf6 10. Rb1 O-O 11. a3 a5 12. Qc2 h6 13. Nh4 Nd4 14.
exd4 Qxd4+ 15. Kh1 Qxh4 16. Be3 Nd7 17. Nd5 Qd8 18. Bf3 g5 19. h3 Ra6 20. b4 {
Spiller,P (2200)-Green,E (2265) Auckland 1999 0-1}) 6. Be2 O-O 7. O-O d5 8. Ne5
d4 9. Nxc6 bxc6 10. Na4 Qd6 11. Qb3 e5 12. d3 Bg4 13. fxe5 Qxe5 14. Rxf6 Bxf6
15. Bxg4 dxe3 16. Qd1 Rae8 17. Qe2 Qd6 18. Rb1 {Cools,G (2275)-Lendwai,R (2425)
Clichy 1993 1-0 (41)}) (3... Nf6 4. Nc3 d5 5. e3 c5 6. cxd5 Nxd5 7. Bc4 e6 8.
Ne4 O-O 9. Nxc5 Nxe3 10. dxe3 Qa5+ 11. Kf2 Qxc5 12. Qe2 Nc6 13. Rf1 e5 14. Qc2
Be6 15. Bb3 Qxc2+ 16. Bxc2 exf4 17. exf4 Nb4 18. Be4 {Wahedi,A (2287)-Sieber,S
(2231) Germany 2011 0-1 (48)}) 4. Nc3 Nf6 5. e3 O-O 6. Be2 Nc6 7. O-O e5 8.
fxe5 dxe5 9. d3 {Secures e4} Qe7 10. Kh1 (10. e4 $5 $11) 10... e4 $15 11. Nd4
Nxd4 (11... exd3 $5 12. Nxc6 bxc6 13. Qxd3 Re8 $17) 12. exd4 $11 {White has
new doubled pawns: d3+d4} Bf5 (12... e3 13. Bf3 $11) 13. dxe4 (13. Bg5 $142 $5
Qd6 14. Bxf6 exd3 15. Bxd3 Qxf6 16. g4 Bxg4 17. Qxg4 Qxd4 18. Qxd4 Bxd4 19.
Rad1 $16) 13... Nxe4 $15 14. Bf3 Nxc3 (14... Rad8 15. g4 Nxc3 16. bxc3 $15) 15.
bxc3 $11 c6 {Prevents intrusion on d5} 16. a4 Rfe8 17. Bd2 Qc7 18. Qc1 (18. a5
$5 $11 {should be considered}) 18... Bd3 $17 19. Bf4 Qd7 20. c5 Bxf1 21. Qxf1
Qf5 22. Bg3 $2 (22. Qc1 Qd3 $17) 22... Qc2 (22... Re3 $142 $5 $19) 23. Qc1
Qxc1+ 24. Rxc1 Re3 25. Bf2 (25. Bf4 $5 Re6 26. Kg1 $17) 25... Rd3 26. Be1 Re8
27. Bg3 $2 (27. Rb1 $142 $17) 27... Bh6 $19 28. Rb1 Re7 (28... Rxc3 $142 {
and Black can celebrate victory} 29. d5 cxd5 $19) 29. Bd6 $17 Rd7 30. Re1 $2 (
30. d5 cxd5 31. c6 bxc6 32. Rb8+ Kg7 33. Bf8+ Kf6 34. Bxh6 Rxc3 $17) 30... Rxc3
$4 {gives the opponent new chances} (30... Be3 $142 {finishes off the opponent}
31. a5 a6 $19) 31. Re8+ $17 Kg7 32. Bf8+ Kf6 33. Bxh6 g5 $4 {a transit from
better to worse} (33... Rxd4 $142 34. a5 Ra4 $17) 34. h4 $14 gxh4 (34... Rxd4
$5 {is worth looking at} 35. hxg5+ Kg6 $16) 35. Bf4 $16 Rb3 (35... Kg7 $142 $5
36. Bd6 Rc4 $18) 36. Bg4 $18 Rd5 37. Be5+ Kg5 $4 {leading to a quick end} (
37... Rxe5 $142 38. dxe5+ Kg5 $18) 38. Rg8+ Kh6 39. Bf4+ (39. Bf4+ Rg5 40.
Bxg5#) 1-0